000 00793nam a2200229Ia 4500
005 20180313061225.0
008 130821s2011 ag a gr spa
020 _a978 950 06 0292 1
040 _aCo-BoUCM
_bspa
_c[Nuevo]
_d[Nuevo]
041 0 0 _aspa
060 _aWE 544
245 0 0 _aFibromialgia diagnóstico y estrategias para su rehabilitación
_cCarlos Luis Ayán Pérez...[et al]
260 _aBuenos Aires (Argentina)
_bMédica Panamericana
_c2011
300 _avii, 168 páginas
_bilustraciones
650 _aDolor
_913529
650 _aFibromialgia
_915679
650 _aOrtopedia
_926544
650 _aReumatismo
_923735
700 1 _aÁlvarez Álvarez, María José
_988621
700 1 _aAyán Pérez, Carlos Luis
_988622
942 _cLIBRO
_a15
_e1
_mF443f
_2NLM
_hWE 544
_n0
999 _c77464
_d77464